000 00716nam a2200241 i 4500
001 101206
003 ES-MaACL
005 20240426130000.0
007 t|
008 051014s1966 sp ||||1| spa d
080 _a599.742.4 (411)
100 1 _aMaxwell, Gavin.
_979315
245 1 3 _aEl círculo resplandeciente /
_cGavin Maxwell ; [traducción por Manuel de la Escalera].
250 _a1ª ed.
260 _aBarcelona :
_bDestino,
_c1966.
300 _a246 p., 24 lám. :
_bil. ;
_c22 cm.
490 1 _aSer o no ser
650 4 _aNutrias.
_9173096
700 0 _aEscalera, Manuel de la,
_d1895-1994
_947481
830 1 _aSer o no ser
_9181425
852 _aES-MaACL
_jC-29604
999 _c101206
_d101206